000 00951nam a2200289 i 4500
001 000038119
003 DO-SdBNP
005 20240305122427.0
007 ta
008 130314s2000 ddr 000 0 sspadd
040 _aDO-SdBNP
_bspa
_cBNPHU
_erda
082 4 _aRD861.44
_bL864a, 2000
_222
100 1 _aLópez Azuán, Virgilio,
_d1959-
_964493
245 1 0 _aAmor y soledades /
_cVirgilio López Azuán.
250 _a2a. edición
264 _aAzua, República Dominicana
_bEdiciones Virgilio
_c1998.
300 _a106 páginas :
_bilustraciones ;
_c22 cm.
336 _2rdacontent
_atexto
_btxt
337 _2rdamedia
_asin mediación
_bn
338 _2rdacarrier
_avolumen
_bnc
500 _aIncluye datos biográficos del autor en la solapa de la contracubierta
590 _aInventariado, 2023/MFF
650 4 _aPoesía dominicana
650 4 _aLiteratura dominicana
910 _aValidado. Control de calidad MFF
942 _2ddc
_cLBS1
999 _c37609
_d37609